Riziko z pohľadu spotrebiteľov

Vývojové trendy a úlohy životných a neživotných poistení. Potreby a postoje spotrebiteľov k výskytu rizík. Znižovanie rizika a pravdepodobnosť strát z neho vyplývajúcich. Delenie možností krytia rizík poistením.

Enregistré dans:
Détails bibliographiques
Auteur principal: Littvová, Zuzana
Format: Chapitre de livre
Langue:slovaque
Sujets:
Tags: Ajouter un tag
Pas de tags, Soyez le premier à ajouter un tag!

MARC

LEADER 00000naa$a2200000$$$4500
001 0125213
005 20240611102055.0
041 0 |a slo 
044 |a SK 
245 1 0 |a Riziko z pohľadu spotrebiteľov  |c Zuzana Littvová 
520 |a Vývojové trendy a úlohy životných a neživotných poistení. Potreby a postoje spotrebiteľov k výskytu rizík. Znižovanie rizika a pravdepodobnosť strát z neho vyplývajúcich. Delenie možností krytia rizík poistením. 
610 2 0 |a poistenie životné 
610 2 0 |a poistenie neživotné 
610 2 0 |a typy poistenia 
610 2 0 |a udalosti poistné 
610 2 0 |a riziko spotrebiteľské 
610 2 0 |a ochrana poistná 
610 2 0 |a náhrada poistná 
610 2 0 |a poisťovatelia 
610 2 0 |a poistníci 
100 1 |a Littvová, Zuzana